000 00753nam a2200229 i 4500
001 7266
003 ES-MaACL
005 20250728051456.0
007 t|
008 901114s1990 sp |||| | spa d
020 _a84-309-1865-5
080 _a351.85(8.03)"19"
100 1 _aHarvey, Edwin R.
_962017
245 1 0 _aPolíticas culturales en Iberoamérica y el mundo
_b: aspectos institucionales /
_cEdwin R. Harvey.
260 _aMadrid :
_bTecnos :
_bSociedad Estatal Quinto Centenario,
_cD.L. 1990.
300 _a290 p. ;
_c24 cm.
650 0 4 _aPolítica cultural.
_916290
651 4 _aAmérica Latina-
_xPolítica cultural
_97750
710 2 _aSociedad Estatal Quinto Centenario.
_96765
852 _aES-MaACL
_jL-14459
999 _c7266
_d7266